[Event "GER-chT Lands U20"]
[Site "Bad Sulza"]
[Date "2004.11.16"]
[Round "3.4"]
[White "Beck, Frederik"]
[Black "Mandery, Markus"]
[Result "1-0"]
[WhiteElo "2140"]
[BlackElo "2079"]
[PlyCount "37"]
[EventDate "2004.11.15"]
[EventType "team-swiss"]
[EventRounds "7"]
[EventCountry "GER"]
[SourceTitle "EXT 2006"]
[Source "ChessBase"]
[SourceDate "2005.11.24"]
[SourceVersion "1"]
[SourceVersionDate "2005.11.24"]
[SourceQuality "1"]

1. e4 e6 2. d4 d5 3. exd5 exd5 4. Nf3 Bd6 5. c4 c6 6. Nc3 Ne7 7. Bd3 dxc4 8. Bxc4 h6 9. 0-0 0-0 10. Ne5 Bxe5 11. dxe5 Qa5 12. Qe2 Be6 13. Bd3 Nd7 14. f4 Nc5 15. Bc2 b5 16. f5 Bc4 17. Qg4 Qc7 18. Bxh6 Qxe5 19. Rfe1 1-0